|
|
|
|
| LEADER |
02508nam a2200649 a 4500 |
| 001 |
nkc20112223847 |
| 003 |
CZ PrNK |
| 005 |
20111025065304.0 |
| 007 |
ta |
| 008 |
110906s2011 xr a e 000 0 cze |
| 015 |
|
|
|a cnb002223847
|
| 020 |
|
|
|a 978-80-86944-47-0
|q (brož.)
|
| 035 |
|
|
|a (OCoLC)761169394
|
| 040 |
|
|
|a OLA001
|b cze
|d ABA001
|
| 043 |
|
|
|a e-xr---
|b e-xr-pl
|2 czenas
|
| 045 |
|
|
|a x7y1
|
| 072 |
|
7 |
|a 022
|x Budovy, areály a zařízení knihoven
|2 Konspekt
|9 12
|
| 080 |
|
|
|a 027.4/.5
|2 MRF
|
| 080 |
|
|
|a 727.8
|2 MRF
|
| 080 |
|
|
|a 645:72.012.8
|2 MRF
|
| 080 |
|
|
|a 69.059.3
|2 MRF
|
| 080 |
|
|
|a (437.317)
|2 MRF
|
| 080 |
|
|
|a (048.8)
|2 MRF
|
| 080 |
|
|
|a (084.12)
|2 MRF
|
| 245 |
0 |
0 |
|a Knihovny Plzeňského kraje v novém /
|c [sestavily Ivanka Horáková, Hana Hendrychová, Hana Petrovičová]
|
| 250 |
|
|
|a Vyd. 1.
|
| 260 |
|
|
|a [Plzeň] :
|b Studijní a vědecká knihovna Plzeňského kraje,
|c 2011
|
| 300 |
|
|
|a 55 s. :
|b barev. il. ;
|c 21 cm
|
| 500 |
|
|
|a 100 výt.
|
| 504 |
|
|
|a Obsahuje bibliografické odkazy
|
| 648 |
|
4 |
|a 1979-2011
|
| 648 |
|
7 |
|a 20.-21. století
|7 ch462155
|2 czenas
|
| 648 |
|
7 |
|a od 1989
|7 ch462156
|2 czenas
|
| 650 |
0 |
7 |
|a veřejné knihovny
|7 ph116570
|z Česko
|y 20.-21. stol.
|2 czenas
|
| 650 |
0 |
7 |
|a knihovní budovy
|7 ph121667
|z Česko
|2 czenas
|
| 650 |
0 |
7 |
|a vybavení interiérů
|7 ph522116
|z Česko
|y 20.-21. stol.
|2 czenas
|
| 650 |
0 |
7 |
|a rekonstrukce staveb
|7 ph223709
|z Česko
|y od 1989
|2 czenas
|
| 650 |
0 |
7 |
|a stavební úpravy
|7 ph126089
|z Česko
|y od 1989
|2 czenas
|
| 650 |
0 |
9 |
|a public libraries
|z Czechia
|y 20th-21st centuries
|2 eczenas
|
| 650 |
0 |
9 |
|a library buildings
|z Czechia
|2 eczenas
|
| 650 |
0 |
9 |
|a interior equipment
|z Czechia
|y 20th-21st centuries
|2 eczenas
|
| 650 |
0 |
9 |
|a reconstruction of buildings
|z Czechia
|y 1989-
|2 eczenas
|
| 650 |
0 |
9 |
|a building improvement
|z Czechia
|y 1989-
|2 eczenas
|
| 655 |
|
7 |
|a přehledy
|7 fd133202
|2 czenas
|
| 655 |
|
7 |
|a fotografické publikace
|7 fd132276
|2 czenas
|
| 655 |
|
9 |
|a surveys
|2 eczenas
|
| 655 |
|
9 |
|a photographical works
|2 eczenas
|
| 651 |
|
7 |
|a Plzeňský kraj (Česko : 2000-)
|7 ge135835
|2 czenas
|
| 651 |
|
9 |
|a Plzeňský kraj (Czechia)
|2 eczenas
|
| 700 |
1 |
|
|a Horáková, Ivana,
|d 1947-
|7 xx0019552
|4 com
|
| 700 |
1 |
|
|a Hendrychová, Hana,
|d 1958-
|7 pna2005292249
|4 com
|
| 700 |
1 |
|
|a Petrovičová, Hana
|7 pna2011660540
|4 com
|
| 910 |
2 |
|
|a BOA001
|b 2-1272.336
|
| 990 |
|
|
|a BK
|
| 995 |
|
|
|a 01
|
| 991 |
|
|
|b 201110
|c NOV
|e n
|
| 996 |
6 |
|
|b 2610490201
|c 2-1272.336
|l MZK
|r Sklad / do 1 hodiny
|n 0
|p p.v.
|w 001205724
|u 000010
|a 1
|e BOA001
|j MZK50
|s P
|